Working with wildlife site guide (Record no. 104843)
[ view plain ]
| 000 -LEADER | |
|---|---|
| fixed length control field | 01407cam a2200265 4500 |
| 001 - CONTROL NUMBER | |
| control field | ##L131801 |
| 008 - FIXED-LENGTH DATA ELEMENTS--GENERAL INFORMATION | |
| fixed length control field | 051209n2005 000 0 eng u |
| 020 ## - INTERNATIONAL STANDARD BOOK NUMBER | |
| International Standard Book Number | 0860175677 |
| 035 ## - SYSTEM CONTROL NUMBER | |
| System control number | (Sirsi) u131801 |
| 041 0# - LANGUAGE CODE | |
| Language code of text/sound track or separate title | eng |
| 050 04 - LIBRARY OF CONGRESS CALL NUMBER | |
| Classification number | 333.72 $2 18 |
| 100 1# - MAIN ENTRY--PERSONAL NAME | |
| Personal name | Newton, J. |
| 245 00 - TITLE STATEMENT | |
| Title | Working with wildlife site guide |
| 260 ## - PUBLICATION, DISTRIBUTION, ETC. | |
| Place of publication, distribution, etc. | London |
| Name of publisher, distributor, etc. | CIRIA |
| Date of publication, distribution, etc. | 2005 |
| 300 ## - PHYSICAL DESCRIPTION | |
| Extent | 196p |
| Other physical details | ill, tables |
| Dimensions | 21cm |
| 350 ## - PRICE (NR) (BK AM CF MU VM SE) [OBSOLETE] | |
| Price | 36.00 |
| 490 #0 - SERIES STATEMENT | |
| Series statement | CIRIA |
| Volume/sequential designation | (C567) |
| 505 ## - FORMATTED CONTENTS NOTE | |
| Formatted contents note | Overview of how construction can affect wildlife - licensing - guidance on the optimal timing for carrying out specialist ecological surveys and mitigation - roles of the contractor and ecologist - species briefing - habitat briefing. |
| 520 ## - SUMMARY, ETC. | |
| Summary, etc. | Intended as an on-site reference guide for those working in the construction industry. Helps to identify species, deals with the role of the contractor and ecologist, and gives guidance on the optimal times for carrying out specialist surveys and mitigation. Topics covered include common amphibians, common mammals, fish, birds, protected species, invasive plants, pests, coastal and marine habitats, grassland, heathland, hedgerows, urban habitats, wetlands and woodlands. |
| 690 ## - LOCAL SUBJECT ADDED ENTRY--TOPICAL TERM (OCLC, RLIN) | |
| Topical term or geographic name as entry element | ENVIRONMENTAL AND LAND CONSULTANCY-ENVIRONMENTAL MANAGEMENT-ENVIRONMENTAL CONSERVATION-WILDLIFE CONSERVATION |
| 700 1# - ADDED ENTRY--PERSONAL NAME | |
| Personal name | Thackray, C. |
| 700 1# - ADDED ENTRY--PERSONAL NAME | |
| Personal name | Nicholson, B. |
| 942 ## - ADDED ENTRY ELEMENTS (KOHA) | |
| Suppress in OPAC | 0 |
| Withdrawn status | Lost status | Source of classification or shelving scheme | Damaged status | Not for loan | Home library | Current library | Shelving location | Date acquired | Total Checkouts | Full call number | Barcode | Date last seen | Copy number | Price effective from | Koha item type |
|---|---|---|---|---|---|---|---|---|---|---|---|---|---|---|---|
| Dewey Decimal Classification | London | London | Books | 09/12/2005 | 333.72 NEW | 30061294 | 06/08/2019 | 1 | 06/08/2019 | Book |